| 000 | 00795nam a2200205 a 4500 | ||
|---|---|---|---|
| 003 | 0 | ||
| 005 | 20250415141726.0 | ||
| 008 | 060729s19uu xx 00 eng d | ||
| 050 |
_aPHS RM 267 _b.G38 2006 |
||
| 100 | _aGaudinez, Alexis A. | ||
| 245 |
_aThe Effectiveness of Mimosa pudica extract as an alternative antibiotic for hospital-acquired pneumonia / _cAlexis A. Gaudinez. |
||
| 260 |
_aLas PiƱas City, Philippines : _bSouthville International School and Colleges, _c2006. |
||
| 300 |
_a41 pages : _bcolored illustrations ; _c28 cm. |
||
| 504 | _aIncludes bibliographical references. | ||
| 650 |
_aMimosa pudica _xTherapeutic use. |
||
| 650 |
_aPlant extracts _xTherapeutic use. |
||
| 650 |
_aAntibiotics _xAlternative treatment. |
||
| 650 |
_aPneumonia _xTreatment. |
||
| 942 |
_2lcc _cPASS |
||
| 999 |
_c97607 _d97607 |
||